The New York Public Library amazing world geography : A book of answers for kids
Follow the Ring of Fire from New Zealand to South America. Navigate the Blue Nile and walk the Great Wall of China. Meet the first person to reach the South Pole and witness the "Green Revolution" in India. Explore the people, landscapes, and languages of our fascinating planet and uncover...
Bewaard in:
| Hoofdauteur: | |
|---|---|
| Formaat: | Boek |
| Taal: | Undetermined |
| Gepubliceerd in: |
New Jersey , NJ.
John Wiley & Sons, Inc.
2002
|
| Onderwerpen: | |
| Tags: |
Voeg label toe
Geen labels, Wees de eerste die dit record labelt!
|
| Thư viện lưu trữ: | Trung tâm Học liệu Trường Đại học Cần Thơ |
|---|
| LEADER | 01383nam a2200229Ia 4500 | ||
|---|---|---|---|
| 001 | CTU_125220 | ||
| 008 | 210402s9999 xx 000 0 und d | ||
| 020 | |c 177261 | ||
| 082 | |a 910 | ||
| 082 | |b S965 | ||
| 100 | |a Sutcliffe, Andrea | ||
| 245 | 4 | |a The New York Public Library amazing world geography : | |
| 245 | 2 | |b A book of answers for kids | |
| 245 | 0 | |c Andrea Sutcliffe | |
| 260 | |a New Jersey , NJ. | ||
| 260 | |b John Wiley & Sons, Inc. | ||
| 260 | |c 2002 | ||
| 520 | |a Follow the Ring of Fire from New Zealand to South America. Navigate the Blue Nile and walk the Great Wall of China. Meet the first person to reach the South Pole and witness the "Green Revolution" in India. Explore the people, landscapes, and languages of our fascinating planet and uncover the answers to all your questions about world geography . . .How old is the earth? See page 8.Can volcanoes form underwater? See page 14.What are maquiladoras? See page 50.Why are rain forests so important? See page 63.Where and what are the Pillars of Hercules? See page 77.Is the Red Sea really red? See page 88.What languages are spoken in Africa? See page 112.Do any plants or animals live in Antarctica? See page 133. | ||
| 650 | |a Geography,Children’s questions and answers | ||
| 650 | |x Miscellanea,Juvenile literature | ||
| 904 | |i Minh | ||
| 980 | |a Trung tâm Học liệu Trường Đại học Cần Thơ | ||